[Event "Quebec op U2000"]
[Site "Longueuil CAN"]
[Date "2019.07.27"]
[Round "9.14"]
[White "Bilodeau-Savaria, Carl-William"]
[Black "Van Dusen, Eric"]
[Result "1-0"]
[WhiteElo "1392"]
[BlackElo "1822"]
[PlyCount "93"]
[EventDate "2019.07.20"]
[EventType "swiss"]
[EventRounds "9"]
[EventCountry "CAN"]

1. d4 e6 2. c4 f5 3. g3 Nf6 4. Bg2 Be7 5. Nc3 O-O 6. e3 d6 7. Nf3 a5 8. b3 Qe8
9. O-O Kh8 10. Ba3 Rg8 11. Nd2 e5 12. dxe5 dxe5 13. Bb2 e4 14. Nd5 Bd8 15. Re1
c6 16. Nxf6 Bxf6 17. Bxf6 gxf6 18. f3 exf3 19. Nxf3 Qe7 20. Qc2 Na6 21. Nh4 Rg5
22. Rad1 Nb4 23. Qb2 Be6 24. a3 Na6 25. Nf3 Rgg8 26. e4 f4 27. gxf4 Bh3 28. Rd2
Rxg2+ 29. Rxg2 Bxg2 30. Kxg2 Rg8+ 31. Kh1 Nc5 32. Re3 Nd7 33. e5 f5 34. e6+ Qf6
35. Qxf6+ Nxf6 36. Nh4 Ne4 37. Re2 Re8 38. Nxf5 Rxe6 39. Nd4 Re8 40. Kg2 Rg8+
41. Kf3 Nc3 42. Re7 Rd8 43. Ne6 Rd3+ 44. Kg4 h5+ 45. Kg5 Ne4+ 46. Kg6 Nd6 47.
Rd7 1-0

[Event "Quebec-Tch Clubs"]
[Site "Chambly CAN"]
[Date "2019.05.17"]
[Round "1"]
[White "Beaudry, Marc-Andre"]
[Black "Turcotte, Jonathan"]
[Result "1/2-1/2"]
[WhiteElo "1999"]
[BlackElo "2103"]
[PlyCount "31"]
[EventDate "2019.05.17"]
[EventType "team"]
[EventRounds "5"]
[EventCountry "CAN"]

1. e4 c6 2. d4 d5 3. e5 Bf5 4. Nf3 e6 5. Be2 c5 6. Be3 Qb6 7. c4 dxc4 8. Nbd2
Bd3 9. Nxc4 Qb4+ 10. Nfd2 Bxe2 11. Qxe2 cxd4 12. Bxd4 Nc6 13. Bc3 Qc5 14. Qe3
Qxe3+ 15. fxe3 Nh6 16. Ne4 1/2-1/2

[Event "Quebec-Tch Clubs"]
[Site "Chambly CAN"]
[Date "2019.05.18"]
[Round "2"]
[White "Lalumiere, Claude"]
[Black "Beaudry, Marc-Andre"]
[Result "0-1"]
[WhiteElo "1983"]
[BlackElo "1999"]
[PlyCount "98"]
[EventDate "2019.05.17"]
[EventType "team"]
[EventRounds "5"]
[EventCountry "CAN"]

1. e4 c5 2. Nf3 d6 3. d4 cxd4 4. Nxd4 Nf6 5. Nc3 a6 6. Bg5 Nbd7 7. Qd2 e6 8.
O-O-O h6 9. Bxf6 Nxf6 10. f3 b5 11. Bd3 Bb7 12. Kb1 Be7 13. Rhe1 Qb6 14. g4
O-O-O 15. Nb3 Nd7 16. f4 Nc5 17. Qe3 b4 18. Ne2 Kc7 19. e5 Nxd3 20. exd6+ Rxd6
21. Rxd3 Qxe3 22. Rxe3 Rhd8 23. c3 Rd1+ 24. Rxd1 Rxd1+ 25. Kc2 Rf1 26. cxb4
Bxb4 27. a3 Bd6 28. Nd2 Rf2 29. Ne4 Rxh2 30. Nxd6 Kxd6 31. Kc3 Rg2 32. Ng3 Rf2
33. Ne4+ Bxe4 34. Rxe4 Rg2 35. f5 exf5 36. gxf5 Rf2 37. Rg4 Rxf5 38. Rxg7 h5
39. Rh7 Ke5 40. Rh6 f6 41. Kd3 Kf4 42. Rh8 Kg4 43. Kd4 h4 44. Ke3 Kg3 45. b4 h3
46. Rg8+ Rg5 47. Rc8 Re5+ 48. Kd3 h2 49. Rc1 Rh5 0-1

[Event "Quebec-Tch Clubs"]
[Site "Chambly CAN"]
[Date "2019.05.18"]
[Round "2"]
[White "Yu, Zong Yang"]
[Black "Landry, Sylvain"]
[Result "1/2-1/2"]
[WhiteElo "2484"]
[BlackElo "2067"]
[PlyCount "136"]
[EventDate "2019.05.17"]
[EventType "team"]
[EventRounds "5"]
[EventCountry "CAN"]

1. c4 e5 2. Nc3 Nc6 3. g3 g6 4. Bg2 Bg7 5. e3 Nge7 6. Nge2 d6 7. d3 Be6 8. Nd5
O-O 9. O-O Qd7 10. Rb1 Rae8 11. b4 f5 12. Bd2 Bf7 13. b5 Nd8 14. Ba5 Nxd5 15.
cxd5 g5 16. Qc2 b6 17. Bc3 Bg6 18. e4 f4 19. f3 Nf7 20. Rb4 Re7 21. g4 h5 22.
h3 hxg4 23. fxg4 Nd8 24. Nc1 Nb7 25. Nb3 Rb8 26. a4 Nc5 27. Nxc5 dxc5 28. Rb2
Qd6 29. Bf3 Bf6 30. Kg2 Rh7 31. Qb3 Re7 32. Qc4 Kg7 33. Be1 Rbe8 34. Bf2 Rd7
35. Rbb1 Be7 36. Rh1 Rh8 37. Qc1 Qf6 38. Ra1 Bd6 39. Qd2 Re7 40. Rh2 Ree8 41.
Rah1 Rh7 42. Qe1 Reh8 43. Bd1 Be7 44. Kf3 Bf7 45. Bb3 Bd8 46. Bc4 Be7 47. Qe2
Bd6 48. Kg2 Rh6 49. Qf3 R6h7 50. Kf1 Be7 51. Kg2 Bd6 52. Ra1 Re8 53. Rhh1 Kg6
54. a5 Rhh8 55. axb6 axb6 56. Ra7 Rh7 57. Raa1 Reh8 58. Rh2 Kg7 59. Rah1 Bg6
60. Qd1 Bf7 61. Kf3 Bg6 62. Qa1 Qe7 63. Qa7 Qd8 64. Qa1 Qf6 65. Qe1 Be7 66. Qa1
Bd6 67. Qe1 Be7 68. Qa1 Bd6 1/2-1/2

[Event "Quebec-Tch Clubs"]
[Site "Chambly CAN"]
[Date "2019.05.18"]
[Round "3"]
[White "Landry, Sylvain"]
[Black "Beaudry, Marc-Andre"]
[Result "1/2-1/2"]
[WhiteElo "2067"]
[BlackElo "1999"]
[PlyCount "36"]
[EventDate "2019.05.17"]
[EventType "team"]
[EventRounds "5"]
[EventCountry "CAN"]

1. e4 d6 2. d4 Nf6 3. Nc3 g6 4. Nf3 Bg7 5. Be2 O-O 6. O-O c6 7. h3 Qc7 8. a4 e5
9. Be3 Nbd7 10. dxe5 dxe5 11. Qd2 Re8 12. Rfd1 Bf8 13. Bc4 Nc5 14. Ng5 Ne6 15.
Qe2 Nxg5 16. Bxg5 Nd7 17. Qf3 Nb6 18. Bb3 Be6 1/2-1/2

[Event "Quebec-Tch Clubs"]
[Site "Chambly CAN"]
[Date "2019.05.19"]
[Round "4"]
[White "Beaudry, Marc-Andre"]
[Black "Durette, Francis"]
[Result "1-0"]
[WhiteElo "1999"]
[BlackElo "2068"]
[PlyCount "90"]
[EventDate "2019.05.17"]
[EventType "team"]
[EventRounds "5"]
[EventCountry "CAN"]

1. c4 g6 2. Nc3 Bg7 3. d4 d6 4. e4 e5 5. d5 a5 6. g4 Na6 7. Be3 Qh4 8. h3 f5 9.
Nf3 Qf6 10. c5 Qf7 11. Be2 Ne7 12. Qb3 Nb4 13. g5 fxe4 14. Nxe4 Bf5 15. Nfd2
Na6 16. Qa4+ Bd7 17. Qxa5 O-O 18. Qc3 Nf5 19. Bg4 Nd4 20. Bxd7 Qxd7 21. b4 Qa4
22. Rc1 Nb8 23. Nb3 Nf3+ 24. Kf1 Qd7 25. Nbd2 Qf5 26. Qd3 Nxd2+ 27. Bxd2 Qf3
28. Qxf3 Rxf3 29. Rc3 Rxa2 30. Ke1 Ra3 31. Ke2 Rfxc3 32. Bxc3 Na6 33. Rb1 Kf7
34. Kd3 Ke7 35. Kc2 Ra2+ 36. Kb3 Re2 37. Re1 Rxe1 38. Bxe1 c6 39. dxc6 bxc6 40.
b5 Nxc5+ 41. Nxc5 dxc5 42. bxc6 Kd6 43. Ka4 c4 44. Kb5 Kd5 45. Kb6 Kd6 {...}
1-0

[Event "Quebec-Tch Clubs"]
[Site "Chambly CAN"]
[Date "2019.05.19"]
[Round "5"]
[White "Landry, Sylvain"]
[Black "Mercure, Gilbert"]
[Result "1-0"]
[WhiteElo "2067"]
[BlackElo "1833"]
[PlyCount "35"]
[EventDate "2019.05.17"]
[EventType "team"]
[EventRounds "5"]
[EventCountry "CAN"]

1. e4 d5 2. exd5 Nf6 3. d4 Bg4 4. Nf3 Qxd5 5. Be2 Nc6 6. O-O O-O-O 7. c4 Qf5 8.
Qa4 Bxf3 9. Bxf3 Nxd4 10. Qxa7 Nxf3+ 11. gxf3 Qxf3 12. Qa8+ Kd7 13. Qa4+ Ke6
14. Re1+ Kf5 15. Qa5+ Kg4 16. Nd2 Rxd2 17. Bxd2 Ne4 18. Rxe4+ 1-0

[Event "Quebec-Tch Clubs"]
[Site "Chambly CAN"]
[Date "2019.05.19"]
[Round "5"]
[White "Yu, Zong Yang"]
[Black "Beaudry, Marc-Andre"]
[Result "1-0"]
[WhiteElo "2484"]
[BlackElo "1999"]
[PlyCount "63"]
[EventDate "2019.05.17"]
[EventType "team"]
[EventRounds "5"]
[EventCountry "CAN"]

1. d4 Nf6 2. c4 c5 3. Nf3 g6 4. Nc3 cxd4 5. Nxd4 Bg7 6. e4 d6 7. Be2 Nc6 8. Nc2
O-O 9. O-O Be6 10. Kh1 a6 11. Bd2 Rb8 12. f3 Nd7 13. a4 a5 14. b3 Nc5 15. Rb1
Nd4 16. Nxd4 Bxd4 17. Nb5 Bg7 18. Bg5 h6 19. Be3 Kh7 20. Bd3 f5 21. Nd4 Bd7 22.
exf5 gxf5 23. Bc2 e5 24. Ne2 Be6 25. Qd2 Rf6 26. Rfd1 Nd7 27. Qxd6 Bxc4 28.
bxc4 Rxd6 29. Rxd6 Qc7 30. Bxf5+ Kh8 31. Rxd7 Qxc4 32. Ng3 1-0

[Event "Quebec-ch"]
[Site "Montreal CAN"]
[Date "2019.03.21"]
[Round "1.1"]
[White "Bolduc, Steve"]
[Black "Masse, Hugues"]
[Result "1-0"]
[WhiteElo "2210"]
[BlackElo "2296"]
[PlyCount "49"]
[EventDate "2019.01.21"]
[EventType "k.o."]
[EventRounds "4"]
[EventCountry "CAN"]

1. e4 e5 2. f4 exf4 3. Nf3 g5 4. Nc3 Bg7 5. g3 fxg3 6. hxg3 h6 7. d4 Ne7 8. Bc4
Ng6 9. Be3 d6 10. Qe2 Be6 11. O-O-O Nd7 12. Bxe6 fxe6 13. d5 e5 14. Rdf1 g4 15.
Nh2 h5 16. Rf5 Nb6 17. Nxg4 hxg4 18. Rxh8+ Bxh8 19. Qxg4 Ne7 20. Bg5 Nbc8 21.
Bh4 c6 22. Rh5 Bg7 23. Qxg7 Kd7 24. Rh7 Qb6 25. b3 1-0

[Event "Quebec-ch"]
[Site "Montreal CAN"]
[Date "2019.03.21"]
[Round "1.1"]
[White "Rodrigue-Lemieux, Shawn"]
[Black "Beaulieu, Eric"]
[Result "1/2-1/2"]
[WhiteElo "2372"]
[BlackElo "2235"]
[PlyCount "112"]
[EventDate "2019.01.21"]
[EventType "k.o."]
[EventRounds "4"]
[EventCountry "CAN"]

1. e4 e6 2. d4 d5 3. Nd2 Nf6 4. e5 Nfd7 5. f4 c5 6. c3 Nc6 7. Ndf3 cxd4 8. cxd4
Qb6 9. g3 Be7 10. Ne2 O-O 11. Bh3 f6 12. Bxe6+ Kh8 13. exf6 Nxf6 14. Bxc8 Raxc8
15. O-O Ne4 16. Kg2 Nb4 17. Ne1 Bf6 18. Be3 Rfe8 19. Rf3 Nd6 20. Bf2 Nc4 21.
Rb3 Qe6 22. Ng1 Nc6 23. Rxb7 N6a5 24. Rb5 a6 25. Rc5 Rxc5 26. dxc5 Bxb2 27. Rb1
Bc3 28. Nef3 Qe4 29. Rc1 Bd2 30. Rc2 Be3 31. Re2 d4 32. Qxd4 Bxd4 33. Rxe4 Rxe4
34. Nxd4 Kg8 35. Ngf3 h6 36. Nf5 Nc6 37. N3d4 Nxd4 38. Nxd4 Ne3+ 39. Kf3 Rxd4
40. Kxe3 Ra4 41. Kd3 Kf7 42. f5 Rxa2 43. c6 Ke7 44. Bc5+ Kd8 45. Bf8 Rf2 46. g4
h5 47. h3 Rf3+ 48. Ke4 Rxh3 49. g5 Rc3 50. Bxg7 Rxc6 51. g6 Ke7 52. Kd5 Rb6 53.
Ke5 Rb5+ 54. Kf4 h4 55. f6+ Ke6 56. f7 Rf5+ 1/2-1/2

[Event "Quebec-ch"]
[Site "Montreal CAN"]
[Date "2019.03.21"]
[Round "1.1"]
[White "Sambuev, Bator"]
[Black "Richard, Leo"]
[Result "1-0"]
[WhiteElo "2573"]
[BlackElo "2100"]
[PlyCount "63"]
[EventDate "2019.01.21"]
[EventType "k.o."]
[EventRounds "4"]
[EventCountry "CAN"]

1. d4 Nf6 2. Nf3 e6 3. e3 d5 4. Bd3 c5 5. O-O Nc6 6. b3 Bd6 7. Bb2 O-O 8. a3 b6
9. Nbd2 Bb7 10. Qe2 cxd4 11. exd4 Re8 12. Ne5 Qc7 13. f4 g6 14. c4 Bf8 15. Rac1
Rac8 16. c5 a5 17. Nxc6 Bxc6 18. b4 axb4 19. axb4 Nh5 20. g3 bxc5 21. dxc5 Bd7
22. Bd4 f6 23. c6 Bxc6 24. b5 Qb8 25. Rxc6 e5 26. fxe5 fxe5 27. Rxg6+ hxg6 28.
Bxg6 Ng7 29. Bf7+ Kh7 30. Qg4 Qd6 31. Be3 Re6 32. Qh3+ 1-0

[Event "Quebec-ch"]
[Site "Montreal CAN"]
[Date "2019.03.21"]
[Round "1.1"]
[White "Tomb, Maroun"]
[Black "Ouellet, Maili-Jade"]
[Result "1-0"]
[WhiteElo "2300"]
[BlackElo "2267"]
[PlyCount "133"]
[EventDate "2019.01.21"]
[EventType "k.o."]
[EventRounds "4"]
[EventCountry "CAN"]

1. e4 c5 2. Ne2 Nf6 3. Nbc3 d6 4. g3 g6 5. Bg2 Bg7 6. d4 cxd4 7. Nxd4 O-O 8.
O-O Nc6 9. Nde2 Bd7 10. h3 Rb8 11. a4 a6 12. Nd5 b5 13. axb5 axb5 14. Bg5 Nxd5
15. exd5 Ne5 16. Nd4 h6 17. Bc1 Qb6 18. c3 Rfc8 19. Nc2 Nc4 20. Re1 Be5 21. g4
Kh7 22. Nb4 Ra8 23. Rxa8 Rxa8 24. Bf1 Re8 25. Bd3 Bf6 26. Kg2 Bc8 27. Bc2 Bb7
28. Qf3 Ne5 29. Qg3 Qc5 30. Be4 e6 31. Be3 Qc4 32. Bd4 exd5 33. Bc2 Re6 34. f4
Nd7 35. Bxg6+ Kg7 36. g5 hxg5 37. Bd3 Rxe1 38. Bxc4 dxc4+ 39. Kf2 Re6 40. Qxg5+
Kf8 41. Bxf6 Nxf6 42. Qxb5 Ne4+ 43. Kg1 Rg6+ 44. Kf1 Nc5 45. Qxc4 Bg2+ 46. Ke1
Bxh3 47. Qd4 Re6+ 48. Kf2 Ne4+ 49. Kf3 Kg8 50. Nd5 f5 51. Ne3 Nf6 52. b4 Kf7
53. b5 Bg4+ 54. Kf2 Ne4+ 55. Ke1 Nc5 56. Qd5 Kf6 57. Kd2 Ne4+ 58. Kc1 Ng3 59.
b6 Ne2+ 60. Kd2 Nxf4 61. Nxg4+ fxg4 62. Qxe6+ Kxe6 63. b7 g3 64. b8=Q g2 65.
Qg8+ Kf5 66. Ke3 Ng6 67. Qd5+ 1-0

[Event "Quebec-ch"]
[Site "Montreal CAN"]
[Date "2019.03.21"]
[Round "1.1"]
[White "Voskanyan, Vahagn"]
[Black "Duong, Thanh Nha"]
[Result "0-1"]
[WhiteElo "2250"]
[BlackElo "2325"]
[PlyCount "74"]
[EventDate "2019.01.21"]
[EventType "k.o."]
[EventRounds "4"]
[EventCountry "CAN"]

1. e4 e6 2. d4 d5 3. Nd2 dxe4 4. Nxe4 Nd7 5. Nf3 Ngf6 6. Bg5 Be7 7. Nxf6+ Bxf6
8. Qd2 Bxg5 9. Nxg5 h6 10. Nf3 O-O 11. O-O-O Qf6 12. Bd3 e5 13. dxe5 Nxe5 14.
Nxe5 Qxe5 15. Rhe1 Qf6 16. Bc4 Bg4 17. f3 Rad8 18. Qe3 Rxd1+ 19. Rxd1 Bc8 20.
g3 a6 21. Rd4 b5 22. Bd3 c5 23. Rf4 Qd6 24. Re4 Be6 25. Re5 c4 26. Be2 Rc8 27.
c3 b4 28. f4 bxc3 29. Qxc3 f6 30. Ra5 Qb6 31. h4 Qf2 32. Qd2 Qxg3 33. Rxa6 c3
34. bxc3 Bf7 35. Ra3 Qg1+ 36. Bd1 Rb8 37. Ra5 Qb6 0-1

[Event "Quebec-ch"]
[Site "Montreal CAN"]
[Date "2019.03.21"]
[Round "1.1"]
[White "Yu, Zong Yang"]
[Black "Durette, Francis"]
[Result "1-0"]
[WhiteElo "2439"]
[BlackElo "2186"]
[PlyCount "115"]
[EventDate "2019.01.21"]
[EventType "k.o."]
[EventRounds "4"]
[EventCountry "CAN"]

1. d4 d6 2. Nf3 Nf6 3. c4 g6 4. Nc3 Bg7 5. e4 O-O 6. Be2 e5 7. O-O exd4 8. Nxd4
Nc6 9. Be3 Re8 10. f3 Nh5 11. Qd2 Nf4 12. Rf2 Nxe2+ 13. Rxe2 Be6 14. b3 Qf6 15.
Rd1 a6 16. a4 h6 17. Ree1 Nxd4 18. Bxd4 Qxd4+ 19. Qxd4 Bxd4+ 20. Rxd4 f6 21.
Kf2 Kf7 22. Rc1 Re7 23. Rd2 Rd7 24. Ne2 Rad8 25. Rc3 c6 26. a5 f5 27. exf5 Bxf5
28. g4 Be6 29. Nf4 Kf6 30. Rcd3 Bf7 31. Ne2 Be6 32. Nc3 d5 33. cxd5 cxd5 34. h4
h5 35. gxh5 gxh5 36. Ne2 Bf7 37. Ke3 Rc7 38. Rc3 d4+ 39. Rxd4 Rxc3+ 40. Nxc3
Rxd4 41. Kxd4 Bxb3 42. Ne4+ Kf5 43. Ke3 Bd5 44. Ng3+ Kg6 45. f4 Be6 46. Ke4 Bg4
47. Ke5 Kg7 48. f5 Kf7 49. Ne4 Ke7 50. f6+ Kf8 51. Nd6 Bf3 52. Kf4 Bd5 53. Kf5
Bc6 54. Kg6 Bf3 55. Nc4 Be2 56. Ne5 Bg4 57. f7 Be6 58. Kf6 1-0

[Event "Quebec-ch"]
[Site "Montreal CAN"]
[Date "2019.03.22"]
[Round "1.2"]
[White "Beaulieu, Eric"]
[Black "Rodrigue-Lemieux, Shawn"]
[Result "0-1"]
[WhiteElo "2235"]
[BlackElo "2371"]
[PlyCount "92"]
[EventDate "2019.01.21"]
[EventType "k.o."]
[EventRounds "4"]
[EventCountry "CAN"]

1. d4 Nf6 2. c4 e6 3. g3 Be7 4. Bg2 O-O 5. Nf3 b6 6. O-O Bb7 7. Nc3 Ne4 8. Qc2
Nxc3 9. Qxc3 f5 10. Rd1 Bf6 11. Qc2 Be4 12. Qa4 Qc8 13. Bg5 c5 14. Bxf6 Rxf6
15. d5 exd5 16. cxd5 d6 17. Bh3 Bxf3 18. exf3 Qd7 19. Qc4 Qf7 20. f4 Nc6 21.
Bg2 Nd4 22. a4 Qd7 23. b4 Rff8 24. bxc5 bxc5 25. Rab1 Rab8 26. Qa6 Rfe8 27. Bf1
Qe7 28. Bd3 h6 29. Kg2 Qc7 30. h4 Kh7 31. Rdc1 Red8 32. Re1 Qf7 33. Qc4 Qh5 34.
Re3 Rxb1 35. Bxb1 Rb8 36. Qc1 Qf7 37. Ba2 Rb4 38. Ra3 Qb7 39. Bc4 Rb2 40. Ra2
Rb1 41. Qd2 Rg1+ 42. Kxg1 Nf3+ 43. Kg2 Nxd2 44. Rxd2 Qb4 45. Rc2 Qxa4 46. Bd3
Qd4 0-1

[Event "Quebec-ch"]
[Site "Montreal CAN"]
[Date "2019.03.23"]
[Round "1.2"]
[White "Duong, Thanh Nha"]
[Black "Voskanyan, Vahagn"]
[Result "1-0"]
[WhiteElo "2325"]
[BlackElo "2250"]
[PlyCount "133"]
[EventDate "2019.01.21"]
[EventType "k.o."]
[EventRounds "4"]
[EventCountry "CAN"]

1. Nf3 d5 2. d4 Nf6 3. c4 e6 4. g3 dxc4 5. Bg2 c5 6. Qa4+ Nbd7 7. Qxc4 Nb6 8.
Qd3 c4 9. Qc2 Nfd5 10. O-O Bd7 11. Nc3 Rc8 12. Ne5 Be7 13. Bd2 O-O 14. Rac1 Be8
15. Be4 h6 16. Qb1 Rc7 17. Nxd5 exd5 18. Bg2 Nd7 19. Bf4 Nf6 20. Qf5 b5 21. Ng4
Rd7 22. Ne3 Bd6 23. Be5 Bxe5 24. Qxe5 Rd6 25. Qf4 b4 26. Nc2 Rb6 27. Rfd1 Ba4
28. e4 dxe4 29. Bxe4 Re8 30. Bf3 b3 31. axb3 Bxb3 32. Rd2 Qb8 33. Qxb8 Rexb8
34. Ne3 Rc8 35. d5 Ne8 36. Nf5 Rd8 37. Re2 Nd6 38. Nxd6 Rbxd6 39. Re7 a5 40.
Ra7 a4 41. Re1 R6d7 42. Ra5 Kf8 43. Kf1 Re7 44. Rxe7 Kxe7 45. Ke1 Kd6 46. Kd2
Ke5 47. Ra7 Rf8 48. Kc3 g6 49. Re7+ Kd6 50. Ra7 Kc5 51. Rc7+ Kb6 52. Rc6+ Kb5
53. Rc7 Kb6 54. Rc6+ Kb5 55. Kd4 Rd8 56. Be2 Re8 57. Bf3 Kb4 58. Rb6+ Ka5 59.
Rb7 f6 60. d6 Rd8 61. Kc5 Ka6 62. d7 Bc2 63. Kd6 Bd1 64. Bd5 a3 65. bxa3 c3 66.
Rc7 Ba4 67. Bc6 1-0

[Event "Quebec-ch"]
[Site "Montreal CAN"]
[Date "2019.03.22"]
[Round "1.2"]
[White "Durette, Francis"]
[Black "Yu, Zong Yang"]
[Result "1/2-1/2"]
[WhiteElo "2186"]
[BlackElo "2439"]
[PlyCount "64"]
[EventDate "2019.01.21"]
[EventType "k.o."]
[EventRounds "4"]
[EventCountry "CAN"]

1. Nf3 Nf6 2. c4 e6 3. d4 d5 4. g3 Be7 5. Bg2 O-O 6. O-O c6 7. b3 Nbd7 8. Bb2
b6 9. Nbd2 Bb7 10. Re1 Rc8 11. e4 dxe4 12. Ng5 Qc7 13. Ngxe4 Rfe8 14. Qc2 c5
15. dxc5 bxc5 16. Nxf6+ Nxf6 17. Ne4 Nxe4 18. Bxe4 Bxe4 19. Rxe4 Bf8 20. Rae1
Rcd8 21. Rh4 f5 22. Rf4 Qc6 23. Qe2 a5 24. Rf3 a4 25. Re3 axb3 26. axb3 Rd6 27.
Re5 Qd7 28. Ba3 Rd2 29. Qe3 Rd3 30. Qe2 Rd2 31. Qe3 Rd3 32. Qe2 Rd2 1/2-1/2

[Event "Quebec-ch"]
[Site "Montreal CAN"]
[Date "2019.03.22"]
[Round "1.2"]
[White "Masse, Hugues"]
[Black "Bolduc, Steve"]
[Result "1-0"]
[WhiteElo "2296"]
[BlackElo "2210"]
[PlyCount "59"]
[EventDate "2019.01.21"]
[EventType "k.o."]
[EventRounds "4"]
[EventCountry "CAN"]

1. e4 e5 2. Nf3 Nf6 3. Nxe5 d6 4. Nf3 Nxe4 5. c4 c6 6. Nc3 Nxc3 7. dxc3 Be6 8.
Nd4 Qe7 9. Nxe6 fxe6 10. Be3 Qf7 11. Be2 Be7 12. Qb3 b6 13. Qa4 O-O 14. O-O Bd8
15. Rad1 Bc7 16. Rd4 e5 17. Rg4 Qd7 18. Rd1 c5 19. Qc2 Nc6 20. Rh4 g6 21. Bh6
Rf7 22. Qe4 Rb8 23. Bg4 Qe8 24. Rh3 Nd8 25. Qd5 Kh8 26. Bg5 b5 27. cxb5 Rxb5
28. b3 c4 29. Qxc4 Qc6 30. Bxd8 1-0

[Event "Quebec-ch"]
[Site "Montreal CAN"]
[Date "2019.03.22"]
[Round "1.2"]
[White "Ouellet, Maili-Jade"]
[Black "Tomb, Maroun"]
[Result "1/2-1/2"]
[WhiteElo "2267"]
[BlackElo "2300"]
[PlyCount "120"]
[EventDate "2019.01.21"]
[EventType "k.o."]
[EventRounds "4"]
[EventCountry "CAN"]

1. d4 d6 2. c4 Nf6 3. Nc3 g6 4. e4 Bg7 5. f4 O-O 6. Nf3 c5 7. d5 e6 8. Be2 exd5
9. cxd5 Nbd7 10. O-O Re8 11. Nd2 Nb6 12. a4 a5 13. Rb1 h5 14. b3 Nh7 15. Nb5
Bf8 16. Bb2 Bd7 17. Bxh5 Bxb5 18. axb5 gxh5 19. Qxh5 f6 20. Rf3 Re7 21. Re1 Qe8
22. Qh4 Nxd5 23. Rg3+ Bg7 24. Rh3 Nf8 25. Rf1 Rxe4 26. Nxe4 Qxe4 27. Rg3 Qf5
28. Qh6 Qh7 29. Qxh7+ Kxh7 30. Rd3 Nc7 31. Rxd6 Nxb5 32. Rb6 Nd4 33. Rxb7 f5
34. Re1 Kg6 35. Kf2 Nfe6 36. g3 Bf6 37. Rb6 Kf7 38. Ra1 Ra7 39. Bc3 Bd8 40. Rb8
Bc7 41. Rh8 Nxb3 42. Re1 Nbd4 43. Rh7+ Kg6 44. Re7 Ng7 45. Rd7 Bb8 46. Rxa7
Bxa7 47. Bxa5 Nge6 48. h3 c4 49. Kg2 Kf7 50. Bc3 Nc2 51. Rc1 Ne3+ 52. Kf3 Nd4+
53. Bxd4 Bxd4 54. g4 Bb2 55. Rb1 c3 56. Kxe3 c2 57. Re1 fxg4 58. hxg4 c1=Q+ 59.
Rxc1 Bxc1+ 60. Ke4 Bxf4 1/2-1/2

[Event "Quebec-ch"]
[Site "Montreal CAN"]
[Date "2019.03.22"]
[Round "1.2"]
[White "Richard, Leo"]
[Black "Sambuev, Bator"]
[Result "0-1"]
[WhiteElo "2100"]
[BlackElo "2573"]
[PlyCount "93"]
[EventDate "2019.01.21"]
[EventType "k.o."]
[EventRounds "4"]
[EventCountry "CAN"]

1. e4 c5 2. Nf3 d6 3. d4 cxd4 4. Qxd4 Nc6 5. Bb5 Bd7 6. Bxc6 Bxc6 7. Nc3 Nf6 8.
Bg5 e6 9. O-O-O Be7 10. Rhe1 h6 11. Bh4 Qa5 12. Qd3 O-O 13. a3 Rfd8 14. Nd4 Be8
15. f4 Rac8 16. Qh3 Rc4 17. Nb3 Qc7 18. g4 Rc8 19. Rd4 e5 20. Rxc4 Qxc4 21. g5
hxg5 22. Bxg5 exf4 23. Bxf4 Bd7 24. Qg2 Be6 25. Be3 d5 26. Bd4 dxe4 27. Rxe4
Qc6 28. Qg5 Qd7 29. Be5 Bxb3 30. cxb3 Qd3 31. Re1 Bxa3 32. Bxf6 Rxc3+ 33. Bxc3
Qxc3+ 34. Kd1 Qxb3+ 35. Ke2 Qxb2+ 36. Kd1 Qb3+ 37. Ke2 Qb2+ 38. Kf1 Bf8 39. Re2
Qb1+ 40. Kg2 Qb6 41. Qf5 Qc6+ 42. Kh3 g6 43. Qf4 a5 44. Rf2 Qd7+ 45. Kg2 a4 46.
h4 Qd5+ 47. Kg1 0-1

[Event "Quebec-ch"]
[Site "Montreal CAN"]
[Date "2019.03.22"]
[Round "1.3"]
[White "Masse, Hugues"]
[Black "Bolduc, Steve"]
[Result "1-0"]
[WhiteElo "2296"]
[BlackElo "2210"]
[PlyCount "115"]
[EventDate "2019.01.21"]
[EventType "k.o."]
[EventRounds "4"]
[EventCountry "CAN"]

1. e4 Nf6 2. e5 Nd5 3. d4 d6 4. Nf3 c6 5. c4 Nc7 6. exd6 exd6 7. Nc3 Be7 8. Bd3
Bg4 9. h3 Bh5 10. O-O Bg6 11. Bxg6 hxg6 12. Qb3 b6 13. Re1 O-O 14. Bf4 Nd7 15.
Qa4 c5 16. Rad1 Ne6 17. Be3 a6 18. Qc2 Nf6 19. d5 Nc7 20. a4 Rb8 21. Qd3 Qd7
22. b3 Rfe8 23. Bf4 b5 24. axb5 axb5 25. Qc2 bxc4 26. bxc4 Rb4 27. Nd2 Qf5 28.
Qxf5 gxf5 29. Rb1 Kf8 30. Na2 Ra4 31. Rb2 Rea8 32. Nc3 Ra3 33. Rc1 Nd7 34. Rb7
R3a7 35. Rcb1 g5 36. Bh2 f4 37. g3 fxg3 38. Bxg3 Ne5 39. Bxe5 dxe5 40. Nce4 f5
41. d6 fxe4 42. dxe7+ Kxe7 43. Nxe4 Rxb7 44. Rxb7 Kd7 45. Nxg5 Ra4 46. Nf3 e4
47. Nd2 Kc6 48. Rb8 Ne6 49. Re8 Kd7 50. Rh8 Nd4 51. Rh5 Nf3+ 52. Nxf3 exf3 53.
Rxc5 Kd6 54. Rh5 Rxc4 55. Kh2 Ke6 56. Rg5 Kf6 57. Rg4 Rc3 58. Kg3 1-0

[Event "Quebec-ch"]
[Site "Montreal CAN"]
[Date "2019.03.23"]
[Round "2.1"]
[White "Rodrigue-Lemieux, Shawn"]
[Black "Huang, Qiuyu"]
[Result "1-0"]
[WhiteElo "2372"]
[BlackElo "2230"]
[PlyCount "97"]
[EventDate "2019.01.21"]
[EventType "k.o."]
[EventRounds "4"]
[EventCountry "CAN"]

1. e4 c5 2. g3 Nc6 3. Bg2 g6 4. Nf3 Bg7 5. O-O d6 6. c3 e5 7. Na3 Nge7 8. Nc2
O-O 9. d4 cxd4 10. cxd4 Bg4 11. d5 Nb8 12. Ne3 Bxf3 13. Bxf3 f5 14. b3 Nd7 15.
Ba3 Nf6 16. Qd3 Qd7 17. Rad1 Rad8 18. exf5 gxf5 19. Bg2 b5 20. f4 e4 21. Qd2 a5
22. Kh1 b4 23. Bb2 Rb8 24. Rg1 h5 25. Bxf6 Rxf6 26. Bh3 Rh6 27. Qg2 Rb7 28. Nc4
Qd8 29. Qe2 Kf7 30. Ne3 Qd7 31. Qa6 Rf6 32. Qxa5 Ra7 33. Qxb4 Rxa2 34. Qxe4
fxe4 35. Bxd7 Rh6 36. Be6+ Rxe6 37. dxe6+ Kxe6 38. Rgf1 d5 39. f5+ Ke5 40. g4
Re2 41. g5 Rxe3 42. f6 Bf8 43. fxe7 Bxe7 44. g6 Bf6 45. Rxd5+ Kxd5 46. Rxf6
Re1+ 47. Kg2 h4 48. g7 h3+ 49. Kf2 1-0

[Event "Quebec-ch"]
[Site "Montreal CAN"]
[Date "2019.03.23"]
[Round "2.1"]
[White "Sambuev, Bator"]
[Black "Masse, Hugues"]
[Result "1-0"]
[WhiteElo "2573"]
[BlackElo "2296"]
[PlyCount "65"]
[EventDate "2019.01.21"]
[EventType "k.o."]
[EventRounds "4"]
[EventCountry "CAN"]

1. Nf3 Nf6 2. c4 c5 3. Nc3 Nc6 4. e3 e6 5. d4 d5 6. cxd5 exd5 7. Bb5 Bd6 8.
dxc5 Bxc5 9. O-O O-O 10. b3 Bg4 11. Be2 Re8 12. Bb2 Rc8 13. Rc1 Bf8 14. Nb5 Ne4
15. Nbd4 Bd6 16. h3 Bxf3 17. Nxf3 Bb8 18. Qd3 Qd6 19. Rfd1 Rcd8 20. Kf1 a6 21.
a3 Re6 22. b4 Rg6 23. b5 axb5 24. Qxb5 Ba7 25. Bc4 Qe7 26. Rxd5 Rxd5 27. Bxd5
Nxf2 28. Bxc6 Nh1 29. Be4 Ng3+ 30. Ke1 h6 31. Rc8+ Kh7 32. Qe5 Qd7 33. Qxg7#
1-0

[Event "Quebec-ch"]
[Site "Montreal CAN"]
[Date "2019.03.23"]
[Round "2.1"]
[White "Yu, Zong Yang"]
[Black "Duong, Thanh Nha"]
[Result "1-0"]
[WhiteElo "2439"]
[BlackElo "2325"]
[PlyCount "79"]
[EventDate "2019.01.21"]
[EventType "k.o."]
[EventRounds "4"]
[EventCountry "CAN"]

1. d4 d6 2. Nf3 Bg4 3. e4 Nf6 4. Nc3 e6 5. h3 Bh5 6. Qe2 a6 7. g4 Bg6 8. h4 h5
9. g5 Nfd7 10. Bh3 Be7 11. Be3 b5 12. Nd2 c5 13. dxc5 Nxc5 14. a3 e5 15. Nd5
Nbd7 16. f3 O-O 17. O-O Rb8 18. b4 Ne6 19. c4 Nc7 20. Rac1 Nxd5 21. cxd5 f6 22.
Qg2 fxg5 23. hxg5 Nb6 24. Rc6 Be8 25. Bxb6 Rxb6 26. Rc8 Rb7 27. Rxd8 Bxd8 28.
Be6+ Kh7 29. f4 Bb6+ 30. Kh1 exf4 31. Nf3 Rc7 32. e5 Bg6 33. exd6 Rc2 34. Qh3
Bf2 35. Bg4 Kg8 36. Bxh5 Bd3 37. Bg4 Bxf1 38. Be6+ Rf7 39. Bxf7+ Kxf7 40. Qf5+
1-0